Statistiques concernant CSGO Top 20 HLTV 2020

Cliquez ici pour prendre le quiz!

Statistiques générales

  • Ce quiz a été pris 24 fois
  • Le résultat moyen est 12 sur 20

Statistiques - réponses

Top #CountryPlayer% Correct
2Ukraines1mple
92%
1FranceZywOo
92%
4Bosnia and HerzegovinaNiKo
85%
7Estoniaropz
85%
3Denmarkdev1ce
77%
9Denmarkdupreeh
77%
13Bosnia and HerzegovinahuNter-
77%
18BrazilKSCERATO
77%
11DenmarkMagisk
77%
5Russiaelectronic
69%
8USAEliGE
69%
12Denmarkstavn
62%
6DenmarkblameF
54%
19Australiajks
54%
17SwedenKRIMZ
46%
10GermanysyrsoN
46%
14Brazilyuurih
38%
20USABrehze
23%
15SwedenBrollan
15%
16BrazilHEN1
8%

Distribution des résultats

Percentile par nombre de réponses

% des personnes avec chaque résultat

Votre développement - résultats

Vous n’avez pas pris ce quiz